| 000 | 00677cab a2200265 4500 | ||
|---|---|---|---|
| 001 | ABS51215 | ||
| 008 | 090401t1994 xxu||||| |||| 00| 0 eng d | ||
| 035 | _a(Sirsi) u15268 | ||
| 041 | _aeng | ||
| 245 | _aBuilding renewal | ||
| 260 | _c1994 | ||
| 300 | _aLOAN | ||
| 350 | _a0 | ||
| 490 |
_aBuilding _vSupplement 26 August 1994 (30) |
||
| 520 | _aSupplement on refurbishment concentrating on theatres and concert halls. | ||
| 650 | _aBARNSTAPLE | ||
| 650 | _aCIVIC THEATRE | ||
| 650 | _aCONCERT HALLS | ||
| 650 | _aHUDDESFIELD | ||
| 650 | _aLISTED BUILDINGS | ||
| 650 | _aQUEENS THEATRE | ||
| 690 |
_aRefurbishment _96264 |
||
| 942 | _n0 | ||
| 948 | _c04/03/1997 | ||
| 999 |
_c9991 _d9991 |
||